000 00776nam a2200229 a 4500
001 BRCA_4458
005 20190320204658.0
008 060910s1909----enka######---#000-0#eng-#
041 _aeng
044 _aenk
050 4 _aDP17
_b.C35 16
_c1909
100 1 _aCalvert, Albert F.
_d1872-1946
_911297
245 1 0 _aRoyal Palaces of Spain
_bA historical & descriptive account of the seven principal Palaces of the Spanish
_cBy Albert F. Calvert.
260 _aLondres: Nueva York
_bJohn Lane, The Bodley Head
_c1909
300 _axiv, 107 p. (v.16)
_bil., 164 láminas
_c20 cm.
440 0 _aThe spanish series
_v16
_911298
500 _aIncluye índice de ilustraciones
500 _aCEO9
650 1 4 _aPalacios
_xArquitectura
_zEspaña
_911299
902 _aGFM
942 _2lcc
_cB
999 _c4164
_d4164